Speed Object Counting - Sudden Death - Statistics

General Stats
  • This quiz has been taken 2,050 times
  • The average score is 10 of 20
Answers on the Map
Answers color-coded by a green-red scale on the quiz's map according to % correct below.
 
Answer Stats
# % Correct
2
62%
8
58%
5
57%
3
56%
6
56%
8
56%
1
55%
1
55%
1
54%
2
54%
4
54%
8
54%
1
53%
2
53%
3
53%
4
53%
5
53%
6
53%
1
52%
1
52%
2
52%
4
52%
5
52%
1
51%
2
51%
7
51%
1
50%
1
50%
2
50%
2
50%
3
50%
5
50%
4
49%
1
48%
3
48%
4
48%
5
48%
5
48%
6
48%
8
48%
8
48%
9
48%
9
48%
9
48%
2
47%
7
47%
7
47%
9
47%
3
46%
3
46%
3
46%
4
46%
6
46%
6
46%
7
46%
7
46%
8
46%
9
46%
3
45%
4
45%
4
45%
8
45%
9
45%
3
44%
4
44%
5
44%
6
44%
7
44%
7
44%
8
44%
8
44%
2
43%
4
43%
5
43%
6
43%
7
43%
2
42%
3
42%
7
42%
7
42%
9
42%
5
41%
6
41%
9
41%
9
40%
6
39%
9
39%
5
36%
6
36%
8
36%
No matching quizzes found
Score Distribution
Percent of People with Each Score
Percentile by Number Answered
Your Score History
You have not taken this quiz